000 00375cam a2200157ua 4500
003 OSt
008 250207b |||||||| |||| 00| 0 eng d
041 _aeng
082 _a621.384
_bSTU/RA
100 _aStanley, K R .
_97100
245 _aRadio receiver design /
250 _a3 /
260 _aLondon :
_bChapman and Hall Ltd ,
_c1965.
300 _a937 ; .
942 _cBK
999 _c7079
_d7079